[Event "Mercredi 2013.02.20 ABCD"]
[Site "Montreal"]
[Date "2013.02.20"]
[Round "1"]
[White "Gates, Claude-Eric"]
[Black "Baran, Marius"]
[Result "1-0"]
[WhiteElo "1761"]
[BlackElo "1617"]
[PlyCount "75"]
[EventDate "2013.02.20"]
[EventRounds "5"]
[EventCountry "CAN"]
[SourceDate "2005.09.12"]

1. d4 d5 2. Bf4 Nf6 3. e3 e6 4. Nf3 b6 5. Bd3 Bd6 6. Nbd2 Bb7 7. c3 O-O 8. Qc2
c5 9. Bg5 h6 10. Bh4 cxd4 11. exd4 Nbd7 12. O-O Qc7 13. Bxf6 Nxf6 14. Rfe1 Nd7
15. Rad1 a6 16. Nf1 Rac8 17. Qe2 b5 18. Ne3 Nb6 19. Ng4 b4 20. Nfe5 Na4 21.
Nxh6+ gxh6 22. Qg4+ Kh8 23. Qh5 f5 24. Ng6+ Kh7 25. Rxe6 Bxh2+ 26. Kh1 Qf7 27.
Nxf8+ Kg8 28. Qxh6 Rc6 29. Rxc6 Bxc6 30. Qxc6 Nxb2 31. Rd2 bxc3 32. Rxb2 cxb2
33. Qg6+ Qxg6 34. Nxg6 Bd6 35. Bxf5 Kg7 36. Bd3 a5 37. Nh4 a4 38. Nf5+ 1-0

[Event "Mercredi 2013.02.20 ABCD"]
[Site "Montreal"]
[Date "2013.02.20"]
[Round "1"]
[White "Gauthier, Luc"]
[Black "Saha, Ananda"]
[Result "1/2-1/2"]
[WhiteElo "1666"]
[BlackElo "1647"]
[PlyCount "123"]
[EventDate "2013.02.20"]
[EventRounds "5"]
[EventCountry "CAN"]
[SourceDate "2005.09.12"]

1. e4 b6 2. d4 Bb7 3. Bd3 Nf6 4. Qe2 h6 5. Nf3 e6 6. Nc3 c5 7. O-O Nc6 8. d5
Nd4 9. Nxd4 cxd4 10. Nb5 Bc5 11. d6 O-O 12. e5 Nd5 13. Nc7 Nxc7 14. Qg4 Ne8 15.
Bxh6 f5 16. Qg6 Qh4 17. Bd2 Qg4 18. Qxg4 fxg4 19. b4 Bxd6 20. exd6 Nxd6 21. b5
Nf5 22. Bb4 Rf7 23. Rfe1 Nh4 24. Be4 d5 25. Bd3 Re8 26. Re5 Rf6 27. Rae1 Kf7
28. Bd2 Ng6 29. Rg5 Nf4 30. Bxf4 Rxf4 31. g3 Rf6 32. Rxg4 e5 33. Bf1 Bc8 34.
Rg5 Rf5 35. f4 Rxg5 36. fxg5 Kg6 37. h4 Bf5 38. Re2 e4 39. Rd2 e3 40. Re2 Bg4
41. Re1 e2 42. Bg2 Re5 43. Kf2 Kf5 44. Bf3 Bxf3 45. Kxf3 Re3+ 46. Kf2 Ra3 47.
Rxe2 Rxa2 48. Rd2 d3 49. Rxd3 Rxc2+ 50. Kf3 Rc5 51. g4+ Kg6 52. Ra3 Rxb5 53.
Rxa7 Rb3+ 54. Kf4 Rb4+ 55. Kf3 Rb3+ 56. Ke2 Rb2+ 57. Kd3 Rb3+ 58. Kc2 Rg3 59.
h5+ Kxg5 60. Rxg7+ Kh6 61. Rg6+ Kh7 62. Rxb6 1/2-1/2

[Event "Mercredi 2013.02.20 ABCD"]
[Site "Montreal"]
[Date "2013.02.20"]
[Round "1"]
[White "Deshetres, Michel"]
[Black "Munshi, Shawkat"]
[Result "1-0"]
[WhiteElo "1714"]
[BlackElo "1629"]
[PlyCount "73"]
[EventDate "2013.02.20"]
[EventRounds "5"]
[EventCountry "CAN"]
[SourceDate "2005.09.12"]

1. Nf3 d5 2. c4 c6 3. g3 Nf6 4. Bg2 Bf5 5. b3 e6 6. Bb2 Be7 7. O-O O-O 8. Nh4
Bg4 9. h3 Bh5 10. g4 Bg6 11. Nxg6 fxg6 12. d4 Nbd7 13. Nc3 Qc7 14. e4 dxe4 15.
Nxe4 e5 16. Ng5 Qb8 17. Ne6 Re8 18. d5 cxd5 19. cxd5 Bd6 20. Rc1 Rc8 21. Qd2 a6
22. Qa5 b6 23. Qd2 Kf7 24. b4 a5 25. b5 Nc5 26. Nxc5 Rxc5 27. a4 Ra7 28. Rxc5
Bxc5 29. Qc3 Bd6 30. Ba3 Ke7 31. Rc1 Rd7 32. Bxd6+ Qxd6 33. Qc8 Rd8 34. Rc7+
Nd7 35. Qb7 Qb4 36. Qxb6 Rc8 37. Qe6+ 1-0

[Event "Mercredi 2013.02.20 ABCD"]
[Site "Montreal"]
[Date "2013.02.27"]
[Round "2"]
[White "Baran, Marius"]
[Black "Saha, Ananda"]
[Result "0-1"]
[WhiteElo "1617"]
[BlackElo "1647"]
[PlyCount "116"]
[EventDate "2013.02.20"]
[EventRounds "5"]
[EventCountry "CAN"]
[SourceDate "2005.09.12"]

1. d4 d5 2. c4 e6 3. Nc3 Nf6 4. Bg5 Be7 5. Nf3 O-O 6. e3 Nbd7 7. Rc1 h6 8. Bh4
c6 9. Qc2 Re8 10. a3 Qc7 11. cxd5 exd5 12. Bg3 Bd6 13. Nb5 cxb5 14. Qxc7 Bxc7
15. Rxc7 a6 16. h3 Ne4 17. Bh2 Nb6 18. b3 Bf5 19. g4 Bh7 20. Bg2 Rac8 21. O-O
Rxc7 22. Bxc7 Na8 23. Bh2 Rc8 24. Ne5 Rc3 25. Nd7 Rxb3 26. Bxe4 Bxe4 27. Rc1
Rb1 28. Rxb1 Bxb1 29. Nc5 Nb6 30. Bd6 Nc8 31. Bc7 a5 32. Nxb7 b4 33. Bxa5 bxa3
34. Kf1 a2 35. Bc3 Nb6 36. Nc5 Nc4 37. Nb3 Kf8 38. Ke1 Ke7 39. Kd1 Kf6 40. h4
g6 41. Ke2 Ke6 42. Nd2 Na3 43. Nb3 Nb5 44. Bb2 Kd6 45. Kd2 Kc6 46. Kc1 Nd6 47.
Nd2 Bd3 48. Ba1 Ne4 49. Nxe4 dxe4 50. g5 h5 51. Bc3 Bc4 52. Kc2 Kb5 53. Kb2 Kc6
54. Kc2 Kd6 55. Kd2 Ke6 56. Ke1 Kf5 57. f4 exf3 58. Kf2 Bd5 0-1

[Event "Mercredi 2013.02.20 ABCD"]
[Site "Montreal"]
[Date "2013.02.27"]
[Round "2"]
[White "Munshi, Shawkat"]
[Black "Gauthier, Luc"]
[Result "0-1"]
[WhiteElo "1629"]
[BlackElo "1666"]
[PlyCount "46"]
[EventDate "2013.02.20"]
[EventRounds "5"]
[EventCountry "CAN"]
[SourceDate "2005.09.12"]

1. Nf3 f5 2. d4 Nf6 3. Bg5 e6 4. c4 Be7 5. g3 d6 6. Bg2 O-O 7. O-O Ne4 8. Bxe7
Qxe7 9. Nfd2 d5 10. f3 Nxd2 11. Nxd2 c6 12. a3 a5 13. Qc2 Nd7 14. c5 f4 15. Kf2
e5 16. dxe5 Nxe5 17. b4 fxg3+ 18. Kg1 gxh2+ 19. Kh1 Qh4 20. e4 Ng6 21. exd5
cxd5 22. Nb3 Nf4 23. Rf2 Nh5 0-1

[Event "Mercredi 2013.02.20 ABCD"]
[Site "Montreal"]
[Date "2013.03.11"]
[Round "3"]
[White "Gauthier, Luc"]
[Black "Gates, Claude-Eric"]
[Result "1/2-1/2"]
[WhiteElo "1666"]
[BlackElo "1761"]
[PlyCount "103"]
[EventDate "2013.02.20"]
[EventRounds "5"]
[EventCountry "CAN"]
[SourceDate "2005.09.12"]

1. e4 c6 2. d4 d5 3. exd5 cxd5 4. Bd3 Nc6 5. c3 Qc7 6. Ne2 Bg4 7. f3 Bd7 8. Bf4
e5 9. Bg3 Bd6 10. Bb5 Nge7 11. Nd2 O-O 12. Nb3 b6 13. O-O Nf5 14. Qd2 Nxg3 15.
Nxg3 exd4 16. Nxd4 Nxd4 17. Bxd7 Nxf3+ 18. Rxf3 Qxd7 19. Nf5 Bc5+ 20. Kh1 Qe6
21. Re1 Qg6 22. Nxg7 Kh8 23. Nf5 Rae8 24. Ref1 Rd8 25. b4 Bd6 26. Qd4+ f6 27.
Nh4 Qg5 28. Rf5 Be5 29. Rxg5 Bxd4 30. Rh5 Bxc3 31. Ng6+ Kg7 32. Nxf8 Rxf8 33.
Rxd5 Bxb4 34. Rd7+ Rf7 35. Rxf7+ Kxf7 36. g4 Kg6 37. Rf5 Bc5 38. a4 a6 39. Kg2
Bd4 40. Kf3 Be5 41. h3 b5 42. axb5 axb5 43. Ke4 b4 44. Kd5 b3 45. Kc4 b2 46.
Rf1 h5 47. gxh5+ Kxh5 48. Kb3 Kh4 49. Rh1 b1=Q+ 50. Rxb1 Kxh3 51. Rf1 Kg2 52.
Rxf6 1/2-1/2

[Event "Mercredi 2013.02.20 ABCD"]
[Site "Montreal"]
[Date "2013.03.06"]
[Round "3"]
[White "Saha, Ananda"]
[Black "Munshi, Shawkat"]
[Result "1-0"]
[WhiteElo "1647"]
[BlackElo "1629"]
[PlyCount "101"]
[EventDate "2013.02.20"]
[EventRounds "5"]
[EventCountry "CAN"]
[SourceDate "2005.09.12"]

1. d4 Nf6 2. c4 e6 3. Nc3 d5 4. cxd5 exd5 5. Bg5 c6 6. Qc2 Be6 7. e3 Nbd7 8.
Nf3 Bd6 9. Bd3 h6 10. Bh4 Qc7 11. O-O Bg4 12. Bg3 Bxf3 13. gxf3 O-O-O 14. Bxd6
Qxd6 15. Nb5 Qb8 16. Qa4 a6 17. Na3 Qc7 18. Rac1 Kb8 19. b4 Qb6 20. Rc3 g5 21.
Rfc1 Rc8 22. Qc2 Qd8 23. Nb1 g4 24. f4 Re8 25. Nd2 h5 26. Qa4 Ne4 27. Bxe4 dxe4
28. Nc4 Qe7 29. Na5 Nb6 30. Qb3 Qd7 31. Rc5 Nd5 32. R5c2 h4 33. Nc4 f6 34. a4
g3 35. fxg3 hxg3 36. hxg3 Rh8 37. Rg2 Rh7 38. Kf2 Rch8 39. Nd2 Qf5 40. b5 axb5
41. axb5 Kc7 42. g4 Qe6 43. b6+ Kc8 44. Qa3 Nxb6 45. Rb1 Nd5 46. Qa8+ Kd7 47.
Rxb7+ Nc7 48. Qa7 Rc8 49. f5 Qe7 50. Nc4 Ke8 51. Qa4 1-0

[Event "Mercredi 2013.02.20 ABCD"]
[Site "Montreal"]
[Date "2013.03.06"]
[Round "3"]
[White "Deshetres, Michel"]
[Black "Baran, Marius"]
[Result "0-1"]
[WhiteElo "1714"]
[BlackElo "1617"]
[PlyCount "76"]
[EventDate "2013.02.20"]
[EventRounds "5"]
[EventCountry "CAN"]
[SourceDate "2005.09.12"]

1. e4 c5 2. Nf3 d6 3. d4 cxd4 4. Nxd4 Nf6 5. Nc3 g6 6. f4 Bg7 7. e5 dxe5 8.
fxe5 Nfd7 9. e6 Ne5 10. exf7+ Kxf7 11. Be3 Rf8 12. Qd2 Nbc6 13. O-O-O Bg4 14.
Be2 Bxe2 15. Qxe2 Qc8 16. h3 Kg8 17. Ne4 Nf7 18. Rhe1 Nxd4 19. Bxd4 e5 20. Bc3
Qc6 21. Kb1 b5 22. h4 a5 23. h5 Rfc8 24. hxg6 hxg6 25. Rf1 b4 26. Be1 Ra7 27.
Rxf7 Rxf7 28. Nd6 Rfc7 29. Nxc8 Rxc8 30. Qd2 Kh7 31. Bg3 b3 32. axb3 e4 33. Qe2
a4 34. bxa4 Qxa4 35. Bd6 Ra8 36. Ba3 Rb8 37. Qe3 Kg8 38. Qg3 Re8 0-1

[Event "Mercredi 2013.02.20 ABCD"]
[Site "Montreal"]
[Date "2013.03.13"]
[Round "4"]
[White "Baran, Marius"]
[Black "Munshi, Shawkat"]
[Result "0-1"]
[WhiteElo "1617"]
[BlackElo "1629"]
[PlyCount "68"]
[EventDate "2013.02.20"]
[EventRounds "5"]
[EventCountry "CAN"]
[SourceDate "2005.09.12"]

1. d4 d5 2. c4 e6 3. Nc3 Nf6 4. Bg5 Be7 5. Nf3 h6 6. Bh4 O-O 7. e3 b6 8. cxd5
exd5 9. Rc1 Be6 10. Ne5 c5 11. Bd3 Nfd7 12. Bxe7 Qxe7 13. Nf3 Nf6 14. O-O Nbd7
15. Bb1 a6 16. Qc2 c4 17. Ne5 b5 18. f4 Nb6 19. f5 Bd7 20. e4 dxe4 21. Nxe4
Nbd5 22. Rce1 Rfe8 23. Qf2 Rad8 24. Nc5 Qf8 25. Nxa6 b4 26. Nxd7 Rxd7 27. Nc5
Rde7 28. h3 Ne3 29. Qd2 Nxf1 30. Rxf1 Re2 31. Qxb4 Rb8 32. Qxc4 Rbxb2 33. Rd1
Rxg2+ 34. Kh1 Qd6 0-1

[Event "Mercredi 2013.02.20 ABCD"]
[Site "Montreal"]
[Date "2013.03.13"]
[Round "4"]
[White "Gates, Claude-Eric"]
[Black "Saha, Ananda"]
[Result "0-1"]
[WhiteElo "1761"]
[BlackElo "1647"]
[PlyCount "100"]
[EventDate "2013.02.20"]
[EventRounds "5"]
[EventCountry "CAN"]
[SourceDate "2005.09.12"]

1. c4 e5 2. g3 Nf6 3. Bg2 Bc5 4. e3 Nc6 5. Ne2 e4 6. a3 Ne5 7. O-O d6 8. b4 Bb6
9. Nbc3 Nf3+ 10. Bxf3 exf3 11. Nd4 Bg4 12. Nxf3 Nd7 13. d4 Qf6 14. Kg2 Qf5 15.
Nh4 Qe6 16. d5 Bh3+ 17. Kg1 Qe5 18. Bb2 Bxf1 19. Kxf1 Qe7 20. Nf3 f6 21. Ne2
Ne5 22. Nxe5 fxe5 23. c5 dxc5 24. bxc5 Bxc5 25. Qa4+ Kd8 26. Qe4 Bd6 27. Nc3
Qf6 28. Rb1 Rf8 29. Nd1 Qf5 30. Qxf5 Rxf5 31. e4 Rf3 32. Ke2 Rb3 33. Kd2 a5 34.
Rc1 Bxa3 35. Rc2 Bxb2 36. Nxb2 a4 37. Nc4 a3 38. d6 cxd6 39. Ra2 Ra4 40. Kc2
Rf3 41. Nxd6 Rxf2+ 42. Kb3 Rxa2 43. Kxa2 Kd7 44. Nxb7 Kc6 45. Nd8+ Kc5 46. Ne6+
Kb4 47. Nc7 Ra5 48. Ne6 Rc5 49. Ng5 Rc2+ 50. Ka1 Kb3 0-1

[Event "Mercredi 2013.02.20 ABCD"]
[Site "Montreal"]
[Date "2013.03.13"]
[Round "4"]
[White "Deshetres, Michel"]
[Black "Gauthier, Luc"]
[Result "1/2-1/2"]
[WhiteElo "1714"]
[BlackElo "1666"]
[PlyCount "53"]
[EventDate "2013.02.20"]
[EventRounds "5"]
[EventCountry "CAN"]
[SourceDate "2005.09.12"]

1. e4 Nf6 2. e5 Nd5 3. d4 d6 4. Nf3 dxe5 5. dxe5 Bg4 6. Bc4 e6 7. O-O Be7 8.
Bb5+ c6 9. Be2 Qc7 10. c4 Bxf3 11. Bxf3 Nb6 12. Qd4 N8d7 13. Bf4 O-O 14. Nc3
Nc5 15. Bg3 Rfd8 16. Qg4 Nba4 17. Nxa4 Nxa4 18. b3 Nb6 19. Rad1 Rxd1 20. Rxd1
Rd8 21. Rd6 Nc8 22. Rxd8+ Qxd8 23. Qe4 Qa5 24. Qe2 Qd8 25. h3 Bc5 26. Qd1 Qxd1+
27. Bxd1 1/2-1/2

[Event "Mercredi 2013.02.20 ABCD"]
[Site "Montreal"]
[Date "2013.03.20"]
[Round "5"]
[White "Saha, Ananda"]
[Black "Deshetres, Michel"]
[Result "1/2-1/2"]
[WhiteElo "1647"]
[BlackElo "1714"]
[PlyCount "64"]
[EventDate "2013.02.20"]
[EventRounds "5"]
[EventCountry "CAN"]
[SourceDate "2005.09.12"]

1. d4 Nf6 2. c4 c5 3. d5 b5 4. cxb5 a6 5. e3 axb5 6. Bxb5 Qa5+ 7. Nc3 Ne4 8.
Qd3 Nxc3 9. bxc3 g6 10. Bd2 Bg7 11. c4 Qa3 12. Qxa3 Rxa3 13. Rb1 O-O 14. Ne2 d6
15. Nc1 Bf5 16. Rb3 Ra7 17. Bc3 Na6 18. Bxg7 Kxg7 19. a3 Rb8 20. f3 Nc7 21. e4
Bc8 22. a4 Nxb5 23. axb5 Ra4 24. Rc3 Rba8 25. Kd2 Rb4 26. Kd3 Ra1 27. Rd1 f5
28. Rd2 fxe4+ 29. fxe4 Rbb1 30. Nb3 Ra3 31. Kc2 Re1 32. Kd3 Rb1 1/2-1/2

[Event "Mercredi 2013.02.20 ABCD"]
[Site "Montreal"]
[Date "2013.03.20"]
[Round "5"]
[White "Munshi, Shawkat"]
[Black "Gates, Claude-Eric"]
[Result "1-0"]
[WhiteElo "1629"]
[BlackElo "1761"]
[PlyCount "79"]
[EventDate "2013.02.20"]
[EventRounds "5"]
[EventCountry "CAN"]
[SourceDate "2005.09.12"]

1. Nf3 d5 2. e3 Nf6 3. c4 c6 4. d4 e6 5. a3 a5 6. b3 Nbd7 7. Nbd2 Bd6 8. Bb2
O-O 9. Bd3 Re8 10. O-O e5 11. dxe5 Nxe5 12. Nxe5 Bxe5 13. Bxe5 Rxe5 14. Nf3 Bg4
15. Be2 Bxf3 16. Bxf3 Qe7 17. Qc2 g5 18. g4 Qe6 19. cxd5 Nxd5 20. Rad1 Nf6 21.
Rd4 h5 22. h3 hxg4 23. hxg4 Kg7 24. Kg2 Rh8 25. Rh1 Rxh1 26. Kxh1 c5 27. Rc4 b6
28. Kg2 Nd5 29. Qd3 f6 30. Kf1 Qc6 31. Re4 Nxe3+ 32. Rxe3 Qe8 33. Rxe5 Qxe5 34.
Qd7+ Kh6 35. Qd8 f5 36. Qf8+ Kg6 37. Qg8+ Kh6 38. Qf8+ Kg6 39. gxf5+ Qxf5 40.
Bh5+ 1-0

[Event "Mercredi 2013.02.20 ABCD"]
[Site "Montreal"]
[Date "2013.03.20"]
[Round "5"]
[White "Gauthier, Luc"]
[Black "Baran, Marius"]
[Result "1-0"]
[WhiteElo "1666"]
[BlackElo "1617"]
[PlyCount "45"]
[EventDate "2013.02.20"]
[EventRounds "5"]
[EventCountry "CAN"]
[SourceDate "2005.09.12"]

1. e4 c5 2. Nc3 Nc6 3. g3 e6 4. Bg2 Nf6 5. d3 d5 6. f4 d4 7. Nce2 e5 8. Nf3 Bd6
9. O-O O-O 10. h3 Qc7 11. f5 c4 12. Bg5 Nd7 13. f6 Nxf6 14. Bxf6 gxf6 15. Nh4
Ne7 16. Rxf6 Be6 17. Qd2 Kh8 18. Raf1 Ng6 19. Qh6 Nxh4 20. gxh4 Rg8 21. h5 Be7
22. Rxf7 Bf5 23. R1xf5 1-0

[Event "Mercredi 2013.04.03 ABCD"]
[Site "Montreal"]
[Date "2013.04.03"]
[Round "1"]
[White "Bergeron, Rene"]
[Black "Gates, Claude-Eric"]
[Result "1-0"]
[WhiteElo "1733"]
[BlackElo "1712"]
[PlyCount "120"]
[EventDate "2013.04.03"]
[EventRounds "5"]
[EventCountry "CAN"]
[SourceDate "2005.09.12"]

1. c4 Nf6 2. Nc3 d6 3. Nf3 g6 4. Rb1 Bg7 5. g3 O-O 6. b4 Bg4 7. Bg2 Nc6 8. O-O
e5 9. d3 Rb8 10. b5 Ne7 11. Qa4 Ra8 12. Nd2 Qc8 13. Re1 Bh3 14. Bh1 Nd7 15. Nd5
Nxd5 16. Bxd5 Nb6 17. Qb3 Nxd5 18. cxd5 f5 19. Nf3 f4 20. Ng5 Qg4 21. Nxh3 fxg3
22. hxg3 Qxh3 23. Qc4 Rxf2 24. Kxf2 Qh2+ 25. Kf3 Rf8+ 26. Bf4 Qh5+ 27. Kg2 exf4
28. Qe4 fxg3 29. Rh1 Qg5 30. Rbf1 Rf2+ 31. Rxf2 gxf2+ 32. Kxf2 Be5 33. Qf3 a6
34. bxa6 bxa6 35. e3 Bg7 36. Rf1 Qe5 37. d4 Qh2+ 38. Qg2 Qh4+ 39. Ke2 Qe7 40.
Kd3 Qd7 41. Qf2 c5 42. dxc6 Qxc6 43. Qf7+ Kh8 44. Qc4 Qb7 45. Rc1 h5 46. Qc8+
Qxc8 47. Rxc8+ Kh7 48. Rc6 Bf8 49. Rxa6 h4 50. Ke2 g5 51. Rc6 Kg6 52. Kf3 Kh5
53. Rc7 g4+ 54. Kg2 Kg6 55. a4 Bh6 56. Rc3 h3+ 57. Kg3 Kf5 58. Rb3 Bf8 59. a5
d5 60. Rb6 Bb4 1-0

[Event "Mercredi 2013.04.03 ABCD"]
[Site "Montreal"]
[Date "2013.04.12"]
[Round "1"]
[White "Boudreau, Daniel"]
[Black "Luo, Zhao Yang"]
[Result "0-1"]
[WhiteElo "2085"]
[BlackElo "2054"]
[PlyCount "76"]
[EventDate "2013.04.03"]
[EventRounds "5"]
[EventCountry "CAN"]
[SourceDate "2005.09.12"]

1. e4 c6 2. d4 d5 3. exd5 cxd5 4. c4 Nc6 5. Nc3 Nf6 6. Bg5 dxc4 7. Bxc4 e6 8.
Nf3 Be7 9. O-O O-O 10. Re1 b6 11. a3 Bb7 12. Qe2 Nd5 13. Bxe7 Ncxe7 14. Ne5 Nf5
15. Rad1 Nf4 16. Qg4 Nxg2 17. Nxf7 Rxf7 18. Rxe6 Kh8 19. Re5 Rf6 20. Rd3 Rg6
21. Qxf5 Nh4+ 22. Qxg6 Nxg6 23. Ree3 Qg5+ 24. Rg3 Qc1+ 25. Rd1 Qxb2 26. d5 Qxa3
27. d6 Ne5 28. d7 Rd8 29. Bb5 Nf3+ 30. Rxf3 Bxf3 31. Re1 Bh5 32. Re3 a6 33. Be2
Bg6 34. Bg4 Qd6 35. Ne4 Bxe4 36. Rxe4 Qg6 37. Rc4 h5 38. Kf1 Qxg4 0-1

[Event "Mercredi 2013.04.03 ABCD"]
[Site "Montreal"]
[Date "2013.04.03"]
[Round "1"]
[White "Cloutier, Mathieu"]
[Black "Dumouchel, Alain"]
[Result "1-0"]
[WhiteElo "2045"]
[BlackElo "1919"]
[PlyCount "43"]
[EventDate "2013.04.03"]
[EventRounds "5"]
[EventCountry "CAN"]
[SourceDate "2005.09.12"]

1. e4 e5 2. Nf3 Nc6 3. Bb5 f5 4. Nc3 fxe4 5. Nxe4 Nf6 6. Qe2 d5 7. Ng3 e4 8. d3
Bc5 9. Bxc6+ bxc6 10. dxe4 O-O 11. O-O Rb8 12. e5 Ng4 13. h3 Ba6 14. Qxa6 Rxf3
15. gxf3 Qh4 16. Kg2 Nxe5 17. Be3 d4 18. f4 dxe3 19. fxe5 exf2 20. Qxc6 Qd4 21.
Rad1 Qxe5 22. Rd5 1-0

[Event "Mercredi 2013.04.03 ABCD"]
[Site "Montreal"]
[Date "2013.04.03"]
[Round "1"]
[White "Gauthier, Luc"]
[Black "Trottier, Luc"]
[Result "1-0"]
[WhiteElo "1737"]
[BlackElo "1613"]
[PlyCount "49"]
[EventDate "2013.04.03"]
[EventRounds "5"]
[EventCountry "CAN"]
[SourceDate "2005.09.12"]

1. e4 e6 2. d4 d5 3. e5 c5 4. c3 Nc6 5. Nf3 Qb6 6. Bd3 Bd7 7. dxc5 Bxc5 8. O-O
Qc7 9. b4 Bb6 10. Re1 Nge7 11. a4 a6 12. Ba3 Ng6 13. Bxg6 hxg6 14. Nbd2 Ne7 15.
Rc1 Nf5 16. c4 Qd8 17. Qb3 dxc4 18. Nxc4 Bc6 19. Rcd1 Bd5 20. Nd6+ Kf8 21. Rxd5
exd5 22. Qxd5 Nxd6 23. exd6 Qf6 24. d7 Qc3 25. Qd6+ 1-0

[Event "Mercredi 2013.04.03 ABCD"]
[Site "Montreal"]
[Date "2013.04.03"]
[Round "1"]
[White "Heredia, Jose"]
[Black "Munshi, Shawkat"]
[Result "1-0"]
[WhiteElo "1778"]
[BlackElo "1630"]
[PlyCount "69"]
[EventDate "2013.04.03"]
[EventRounds "5"]
[EventCountry "CAN"]
[SourceDate "2005.09.12"]

1. e4 c5 2. Nf3 d6 3. d4 cxd4 4. Nxd4 Nf6 5. Nc3 a6 6. Be3 Qc7 7. f3 e5 8. Nb3
Be6 9. Qd2 Be7 10. O-O-O Nbd7 11. g4 h6 12. Kb1 b5 13. Bxb5 O-O 14. Bxd7 Nxd7
15. h4 Nb6 16. Bxb6 Qxb6 17. f4 exf4 18. Qxf4 a5 19. Nd5 Bxd5 20. Rxd5 a4 21.
Nd4 Rfb8 22. Nb5 Ra5 23. c4 Rc8 24. Rc1 Bxh4 25. Qxd6 Qf2 26. Rf5 Qe2 27. Qd5
Qxg4 28. Qxf7+ Kh8 29. Qe6 Rg8 30. Nd6 Rxf5 31. Qxf5 Qxf5 32. exf5 a3 33. b3
Be7 34. c5 Rd8 35. Nf7+ 1-0

[Event "Mercredi 2013.04.03 ABCD"]
[Site "Montreal"]
[Date "2013.04.03"]
[Round "1"]
[White "Leveille, Francois"]
[Black "Lopez, Lizandro"]
[Result "1-0"]
[WhiteElo "2331"]
[BlackElo "2061"]
[PlyCount "73"]
[EventDate "2013.04.03"]
[EventRounds "5"]
[EventCountry "CAN"]
[SourceDate "2005.09.12"]

1. e4 c6 2. d4 d5 3. Nd2 dxe4 4. Nxe4 Bf5 5. Ng3 Bg6 6. Bc4 e6 7. Nh3 Bd6 8. c3
Qc7 9. Qf3 Nf6 10. Nf4 Bxf4 11. Bxf4 Qe7 12. O-O O-O 13. Rfe1 Re8 14. Bg5 Nbd7
15. h4 h6 16. h5 Bh7 17. Bh4 Qd6 18. Rad1 Rac8 19. Bb3 b5 20. Nf1 c5 21. Bg3
Qa6 22. dxc5 Rxc5 23. Rd6 Qc8 24. Red1 Nb6 25. Bh4 Nbd7 26. Ng3 Qc7 27. Qe3 Kf8
28. Rxd7 Nxd7 29. Rxd7 Qxd7 30. Qxc5+ Kg8 31. Ne2 Qd3 32. Qc6 Rb8 33. Nd4 Qe4
34. Qd6 Qb7 35. Bd8 Be4 36. Nxe6 fxe6 37. Qxe6+ 1-0

[Event "Mercredi 2013.04.03 ABCD"]
[Site "Montreal"]
[Date "2013.04.03"]
[Round "1"]
[White "Levkovsky, Alexandre"]
[Black "Cardin, Guillaume"]
[Result "1/2-1/2"]
[WhiteElo "2252"]
[BlackElo "2077"]
[PlyCount "75"]
[EventDate "2013.04.03"]
[EventRounds "5"]
[EventCountry "CAN"]
[SourceDate "2005.09.12"]

1. e4 e5 2. Nf3 Nc6 3. Bc4 Bc5 4. c3 Nf6 5. b4 Bb6 6. d3 d6 7. a4 a5 8. b5 Ne7
9. O-O O-O 10. h3 Ng6 11. Na3 c6 12. bxc6 bxc6 13. Rb1 d5 14. exd5 cxd5 15. Bb5
Bf5 16. Re1 Qc7 17. Rb3 Nd7 18. Bxd7 Bxd7 19. Nb5 Qd8 20. Qc2 Re8 21. Qb1 Rb8
22. Ba3 Nh4 23. Qd1 Qf6 24. Rb2 Re6 25. Nxh4 Qxh4 26. Qg4 Qxg4 27. hxg4 Bd8 28.
Bc5 Bxb5 29. axb5 f6 30. Reb1 e4 31. c4 exd3 32. cxd5 Re2 33. Kf1 Rxb2 34. Rxb2
Bb6 35. Bxb6 Rxb6 36. Ke1 a4 37. Kd2 a3 38. Ra2 1/2-1/2

[Event "Mercredi 2013.04.03 ABCD"]
[Site "Montreal"]
[Date "2013.04.03"]
[Round "1"]
[White "Marchand, Jacques"]
[Black "Gilniat, Goeffrey"]
[Result "1-0"]
[WhiteElo "2041"]
[BlackElo "1989"]
[PlyCount "89"]
[EventDate "2013.04.03"]
[EventRounds "5"]
[EventCountry "CAN"]
[SourceDate "2005.09.12"]

1. e4 d6 2. g3 Nf6 3. d3 g6 4. Bg2 Bg7 5. Nf3 Bg4 6. Nbd2 Nbd7 7. h3 Bxf3 8.
Nxf3 e5 9. O-O c6 10. Re1 Qc7 11. c3 O-O 12. b4 Rad8 13. c4 Rfe8 14. Qc2 Rc8
15. Nd2 Qb6 16. Qb3 Nh5 17. Nf1 Nf8 18. Be3 Qc7 19. Rab1 Ne6 20. a4 f5 21. a5
a6 22. exf5 gxf5 23. g4 fxg4 24. hxg4 Nhf4 25. Bxf4 Nxf4 26. Be4 Rf8 27. Bf5
Rcd8 28. Ng3 Qe7 29. Qd1 Qh4 30. Qf3 Bh6 31. b5 axb5 32. cxb5 Nh3+ 33. Kf1 Nf4
34. bxc6 bxc6 35. Rb7 Qh3+ 36. Kg1 Rf7 37. Be6 Rdf8 38. Bxf7+ Rxf7 39. Rxf7
Kxf7 40. Qxc6 e4 41. Qxe4 d5 42. Qe8+ Kf6 43. Nh5+ Nxh5 44. Qe7+ Kg6 45. Re6+
1-0

[Event "Mercredi 2013.04.03 ABCD"]
[Site "Montreal"]
[Date "2013.04.03"]
[Round "1"]
[White "Millette, Sylvain"]
[Black "Ostaci, Liviu"]
[Result "0-1"]
[WhiteElo "1872"]
[BlackElo "1854"]
[PlyCount "90"]
[EventDate "2013.04.03"]
[EventRounds "5"]
[EventCountry "CAN"]
[SourceDate "2005.09.12"]

1. Nf3 c5 2. g3 Nf6 3. Bg2 g6 4. O-O Bg7 5. c3 O-O 6. d4 cxd4 7. cxd4 d5 8. Nc3
Nc6 9. Ne5 e6 10. Nxc6 bxc6 11. b3 Nd7 12. e4 Nb6 13. Bb2 Bb7 14. Rc1 Qd7 15.
exd5 cxd5 16. Qd2 Rfc8 17. Rc2 Rc7 18. Rfc1 Rac8 19. Ne2 Ba6 20. Bf1 Bb7 21.
Nc3 a6 22. Bd3 Bxd4 23. Bxa6 Bg7 24. Bxb7 Rxb7 25. Ne2 Bxb2 26. Rxc8+ Nxc8 27.
Qxb2 Nd6 28. a4 Ne4 29. Nc3 Nc5 30. Nb5 Nd3 31. Qd2 Nxc1 32. Qxc1 Rb8 33. Qe3
f6 34. Qf4 Rf8 35. Qc7 Rf7 36. Qc5 Rf8 37. Qb6 e5 38. a5 d4 39. a6 d3 40. a7 d2
41. Nc3 d1=Q+ 42. Nxd1 Qxd1+ 43. Kg2 Qd5+ 44. Kg1 Rc8 45. Qb8 Qa8 0-1

[Event "Mercredi 2013.04.03 ABCD"]
[Site "Montreal"]
[Date "2013.04.03"]
[Round "1"]
[White "Nardone, Raul"]
[Black "Saha, Ananda"]
[Result "1-0"]
[WhiteElo "1895"]
[BlackElo "1788"]
[PlyCount "115"]
[EventDate "2013.04.03"]
[EventRounds "5"]
[EventCountry "CAN"]
[SourceDate "2005.09.12"]

1. d4 d5 2. Nf3 Nf6 3. Bg5 e6 4. Nbd2 Be7 5. e3 h6 6. Bh4 O-O 7. Bd3 Nbd7 8.
O-O b6 9. Ne5 Nxe5 10. dxe5 Nd7 11. Bxe7 Qxe7 12. f4 c5 13. c3 c4 14. Bc2 b5
15. Nf3 b4 16. Nd4 bxc3 17. bxc3 Qa3 18. Qc1 Qxc1 19. Raxc1 Nc5 20. Rb1 Bd7 21.
Rb4 a5 22. Rb6 Ba4 23. Rb2 Bxc2 24. Rxc2 Rab8 25. g4 Rb6 26. Rff2 Rfb8 27. Kg2
Nd3 28. Rfe2 Rb1 29. Kh3 g5 30. fxg5 hxg5 31. Nf3 Kg7 32. Kg3 Kg6 33. h4 gxh4+
34. Nxh4+ Kg7 35. Nf3 R8b2 36. Rxb2 Rxb2 37. Nd4 Rxe2 38. Nxe2 Nxe5 39. Nd4 Nd3
40. Kf3 Kf6 41. e4 Ne5+ 42. Kf4 dxe4 43. g5+ Kg6 44. Kxe5 Kxg5 45. Kxe4 Kg4 46.
Ke5 Kg3 47. Nxe6 Kf3 48. Nd4+ Ke3 49. Kf6 Kd3 50. Nb5 Kc2 51. Kxf7 Kb2 52. Ke6
Kxa2 53. Kd5 Kb3 54. Kd4 Ka4 55. Nd6 Kb3 56. Nxc4 a4 57. Kd3 Ka2 58. Nb6 1-0

[Event "Mercredi 2013.04.03 ABCD"]
[Site "Montreal"]
[Date "2013.04.10"]
[Round "2"]
[White "Cloutier, Mathieu"]
[Black "Boudreau, Daniel"]
[Result "1-0"]
[WhiteElo "2045"]
[BlackElo "2085"]
[PlyCount "87"]
[EventDate "2013.04.03"]
[EventRounds "5"]
[EventCountry "CAN"]
[SourceDate "2005.09.12"]

1. e4 c5 2. Nf3 Nc6 3. d4 cxd4 4. Nxd4 e6 5. Nc3 Qc7 6. Be3 a6 7. Bd3 Nf6 8.
O-O b5 9. Nxc6 dxc6 10. f4 h5 11. h3 h4 12. e5 Nd5 13. Nxd5 cxd5 14. Qg4 Bc5
15. Bxc5 Qxc5+ 16. Kh1 g6 17. Qg5 Qe7 18. Qxe7+ Kxe7 19. a4 b4 20. Rfc1 Bb7 21.
c4 Rhc8 22. Kg1 dxc4 23. Rxc4 Rxc4 24. Bxc4 Rd8 25. Rf1 Rd4 26. Bb3 Rd3 27. Bc4
Rd4 28. Bb3 Bd5 29. Rd1 Rxd1+ 30. Bxd1 Kd7 31. a5 Kc7 32. Be2 Bb7 33. Kf2 Kc6
34. Bf3+ Kc7 35. Bxb7 Kxb7 36. Ke3 Kc6 37. Kd4 Kb5 38. b3 Kc6 39. Kc4 Kb7 40.
Kxb4 Kc6 41. Kc4 Kd7 42. Kc5 Ke7 43. b4 f6 44. b5 1-0